| 000 | 00775nam a2200253 u 4500 | ||
|---|---|---|---|
| 005 | 20231026063638.0 | ||
| 008 | 140127s2011 mx r 000 0 spa d | ||
| 020 | _a9786070709746 (CONACULTA) | ||
| 020 | _a9786070709746 (Planeta) | ||
| 035 | _aUPN01000195239 | ||
| 049 | _aCG | ||
| 050 | 4 |
_aPQ2246 M2 _bE8f |
|
| 100 | 1 |
_aFlaubert, Gustave, _d1821-1880 _928508 |
|
| 245 | 1 | 0 |
_aMadame Bovary / _cGustave Flaubert ; ed. y tr. Juan Bravo Castillo. |
| 260 |
_aMéxico : _bPlaneta, _bCONACULTA, _c2011. |
||
| 300 | _a448 p. | ||
| 440 | 0 |
_aAustral. _pNarrativa ; _v327 |
|
| 534 |
_pTítulo original: _tMadame Bovary |
||
| 650 | 0 |
_aLiteratura francesa _95152 |
|
| 650 | 4 |
_aAmor _vNovela _9397 |
|
| 700 | 1 |
_aBravo Castillo, Juan, _eed. |
|
| 905 | _aLibro | ||
| 999 |
_c167340 _d167340 |
||